000 00273nam a22001337a 4500
008 180925b xxu||||| |||| 00| 0 eng d
020 _a9780345803559
041 _aeng
080 _a330
100 _a52
101 _aECO
245 _aMoney
_cMartin,F
942 _2udc
_cBK
999 _c48429
_d48429